| 000 | 00578nam a22002297a 4500 | ||
|---|---|---|---|
| 005 | 20250219145223.0 | ||
| 008 | 220329b2002 xxu||||| |||| 00| 0 spa d | ||
| 020 | _a8483321947 | ||
| 041 | _aESP | ||
| 082 | _aR 473 D545d21 | ||
| 245 | _aDiccionario ilustrado latín | ||
| 250 | _a21 edición | ||
| 260 | _aEspaña | ||
| 260 | _bSpes Editorial | ||
| 260 | _c2002 | ||
| 300 | _a715 páginas | ||
| 500 | _aPosee un apéndice con resumen de gramática latina 59 páginas | ||
| 650 | _aDICCIONARIOS | ||
| 650 | _aLATÍN | ||
| 650 | _aESPAÑOL | ||
| 942 |
_cREF _2ddc |
||
| 999 |
_c13298 _d13298 |
||